000 00568nam a2200193Ia 4500
005 20250508164839.0
008 008 250505s9999 xx 000 0 eng d
037 _aDissertations
040 _aFEDL
_beng
_cFEDL
041 _aeng
_2eng
084 _a371.3, CHA/DI
_qFEDL
100 _aChauhan Ritu
_9779287
245 0 _aUnderstanding children's thinking through play - An exploratory study
260 _c2008
300 _a95p.
546 _aM.Ed. Dissertation, (Delhi University)
942 _cDIS
_h371.3, CHA/DI
999 _c1391553
_d1391553